<?xml version="1.0" encoding="UTF-8"?>
<record
    xmlns:xsi="http://www.w3.org/2001/XMLSchema-instance"
    xsi:schemaLocation="http://www.loc.gov/MARC21/slim http://www.loc.gov/standards/marcxml/schema/MARC21slim.xsd"
    xmlns="http://www.loc.gov/MARC21/slim">

  <leader>01199nam a2200205   4500</leader>
  <controlfield tag="003">CO-ViMGA</controlfield>
  <datafield tag="020" ind1=" " ind2=" ">
    <subfield code="a">9786071108784</subfield>
  </datafield>
  <datafield tag="040" ind1=" " ind2=" ">
    <subfield code="a">CO-ViMGA</subfield>
    <subfield code="b">spa</subfield>
    <subfield code="c">CO-ViMGA</subfield>
  </datafield>
  <datafield tag="082" ind1="0" ind2="4">
    <subfield code="a">813.5 </subfield>
    <subfield code="b">M31sa</subfield>
  </datafield>
  <datafield tag="100" ind1="1" ind2=" ">
    <subfield code="a">Mead, Richelle</subfield>
    <subfield code="d">1976-</subfield>
    <subfield code="9">12244</subfield>
  </datafield>
  <datafield tag="245" ind1="1" ind2="0">
    <subfield code="a">Vampire academy :</subfield>
    <subfield code="b">sangre azul /</subfield>
    <subfield code="c">Richelle Mead ; traducci&#xF3;n de Julio Hermoso</subfield>
  </datafield>
  <datafield tag="260" ind1=" " ind2=" ">
    <subfield code="a">Mexico :</subfield>
    <subfield code="b">Alfaguara,</subfield>
    <subfield code="c">2010</subfield>
  </datafield>
  <datafield tag="300" ind1=" " ind2=" ">
    <subfield code="a">368 p. :</subfield>
    <subfield code="b">21 cm.</subfield>
  </datafield>
  <datafield tag="520" ind1=" " ind2=" ">
    <subfield code="a">Rose tiene un serio problema con los chicos. Su guap&#xED;simo tutor Dimitri se est&#xE1; fijando en otra, su amigo Mason est&#xE1; colado por ella y el v&#xED;nculo telep&#xE1;tico que tiene con su mejor amiga... la vuelve loca cuando &#xE9;sta se enrolla con su novio. Entonces un gran ataque de los vampiros m&#xE1;s violentos, los strigoi, pone a la Academia en alerta y deciden poner a salvo a los alumnos en la elegante estaci&#xF3;n deesqu&#xED; de Idaho. Pero la impresi&#xF3;n de seguridad es falsa. Esta vez, Rose - y su coraz&#xF3;n - correr&#xE1; un peligro mayor de lo que imaginaba...Tomado de la contracubierta del libro</subfield>
  </datafield>
  <datafield tag="650" ind1="1" ind2="4">
    <subfield code="a">Literatura estadounidense</subfield>
    <subfield code="9">2340</subfield>
  </datafield>
  <datafield tag="650" ind1="1" ind2="4">
    <subfield code="a">Novelas estadounidenses</subfield>
    <subfield code="9">12245</subfield>
  </datafield>
  <datafield tag="650" ind1="1" ind2="4">
    <subfield code="a">Vampiros</subfield>
    <subfield code="x">Novelas</subfield>
    <subfield code="9">12246</subfield>
  </datafield>
  <datafield tag="700" ind1="1" ind2=" ">
    <subfield code="a">Hermoso, Julio</subfield>
    <subfield code="e">tr.</subfield>
    <subfield code="9">13602</subfield>
  </datafield>
  <datafield tag="942" ind1=" " ind2=" ">
    <subfield code="2">ddc</subfield>
    <subfield code="c">BK</subfield>
  </datafield>
  <datafield tag="999" ind1=" " ind2=" ">
    <subfield code="c">37089</subfield>
    <subfield code="d">37089</subfield>
  </datafield>
  <datafield tag="952" ind1=" " ind2=" ">
    <subfield code="0">0</subfield>
    <subfield code="1">0</subfield>
    <subfield code="2">ddc</subfield>
    <subfield code="4">0</subfield>
    <subfield code="7">0</subfield>
    <subfield code="8">003</subfield>
    <subfield code="a">MEVIECAR</subfield>
    <subfield code="b">MEVIECAR</subfield>
    <subfield code="d">2019-03-22</subfield>
    <subfield code="l">0</subfield>
    <subfield code="o">813.5 M31sa</subfield>
    <subfield code="p">32794</subfield>
    <subfield code="r">2019-06-13 00:00:00</subfield>
    <subfield code="w">2019-03-22</subfield>
    <subfield code="y">BK</subfield>
  </datafield>
</record>
